000 00317pam a2200109a 44500
008 230405s1967 xxu||||| |||| 00| 0 eng d
041 _aENG
100 _aCOHEN OF BIRKENHEAT
245 _aTHE BRITISH ENCYCLOPADIA OF MEDICAL PRACTICE MEDICAL PROGRESS
260 _a
_bJOHN WILLY & SONS NEW YORK
_c1967
906 _a5216
999 _c280487
_d280487